000 01884nam a22002655a 4500
003 OSt
005 20170227124224.0
008 170215s2012 ua frb 000 0 eng d
015 _a2012 / 3629
020 _a9789770469564
040 _aEG-ScBUE
_bara
_cEG-ScBUE
082 0 4 _a346.020285
_bح س ي
_222
100 1 _aحسين، صلاح علي.
245 1 2 _aالقانون الواجب التطبيق على عقود التجارة الإلكترونية ذات الطابع الدولي :
_bدراسة في ضوء قانون الأونسيترال النموذجي للتجارة الإلكترونية، وتشريعات المعاملات الإلكترونية في الولايات المتحدة الأمريكية وكندا وأيرلندا وفنلندا وكولومبيا والصين وتونس والبحرين والأردن و قطر ومصر وإمارة دبي، والتوجيه الأوربي لعام 2000، واتفاقية روما لعام 1980 واتفاقية نيويورك لعام 1958، واتفاقية استخدام الخطابات الإلكترونية لعام 2005، والقانون النموذجي للتحكيم التجاري الدولي لعلم 1985 فضلا عن أحكام المحاكم وقضاء التحكيم الإلكتروني /
_cتأليف صلاح علي حسين.
250 _aط. 1.
260 _aالقاهرة :
_bدار النهضة العربية،
_c2012.
300 _a571 ص. ؛
_c24 سم.
504 _aيشتمل على إرجاعات ببليوجرافية.
650 7 _aالعقود الإلكترونية
_xقوانين وتشريعات.
_2BUEsh
_941111
650 7 _aالتجارة الإلكترونية
_xقوانين وتشريعات.
_2BUEsh
_941112
650 7 _aالعقود الإلكترونية (قانون دولي)
_2BUEsh
651 _2BUEsh
653 _bLLAAWW
_cFebruary2017
942 _2ddc
999 _c24177
_d24149